Score 0/18 Timer 04:00
0 Plays Today
Scrambled Word Unscrambled Word % Correct
EELOPPPeoplE
97.9%
EIIPSXPixieS
87%
ELMSSUMusseL
82.1%
ABBIRRabbI
80.5%
AARRTTTartaR
79.1%
EGHLNTLengtH
76.8%
CCOSTUStuccO
63.5%
CDENOSSeconD
56%
EEIPRXExpirE
53.8%
Scrambled Word Unscrambled Word % Correct
Bonus word from 1st lettersSporcle
52.2%
Bonus word from last lettersSporcle
52.2%
EORTTXExtorT
51.5%
AAELMOTOatmeaL
50.3%
BCGORYCyborG
49.1%
AHIIPRSAirshiP
47%
Bonus word from last lettersdelight
42.2%
CCIINOIconiC
42.2%
Bonus word from 1st letterspastime
41.1%
Remove Ads.
Support Sporcle.
Get the best of Sporcle when you Go Orange. This ad-free experience offers more features, more stats, and more fun while also helping to support Sporcle. Thank you for becoming a member.

You're not logged in!

Compare scores with friends on all Sporcle quizzes.
OR
Log In

Show Comments

Extras

Top Quizzes Today


Score Distribution

Your Account Isn't Verified!

In order to create a playlist on Sporcle, you need to verify the email address you used during registration. Go to your Sporcle Settings to finish the process.

Report this User

Report this user for behavior that violates our Community Guidelines.

Details: